<?xml version="1.0" encoding="UTF-8"?>
<record
    xmlns:xsi="http://www.w3.org/2001/XMLSchema-instance"
    xsi:schemaLocation="http://www.loc.gov/MARC21/slim http://www.loc.gov/standards/marcxml/schema/MARC21slim.xsd"
    xmlns="http://www.loc.gov/MARC21/slim">

  <leader>01837nam a2200265 u 4500</leader>
  <controlfield tag="001">68599</controlfield>
  <controlfield tag="005">20260504072144.0</controlfield>
  <controlfield tag="008">960313s1994                        spa  </controlfield>
  <datafield tag="020" ind1=" " ind2=" ">
    <subfield code="a">9788429118087</subfield>
  </datafield>
  <datafield tag="035" ind1=" " ind2=" ">
    <subfield code="a">68599</subfield>
  </datafield>
  <datafield tag="035" ind1=" " ind2=" ">
    <subfield code="a">(OCoLC)636449263</subfield>
  </datafield>
  <datafield tag="040" ind1=" " ind2=" ">
    <subfield code="c">comduadb</subfield>
  </datafield>
  <datafield tag="041" ind1=" " ind2=" ">
    <subfield code="a">spa</subfield>
  </datafield>
  <datafield tag="082" ind1=" " ind2="4">
    <subfield code="a">574</subfield>
  </datafield>
  <datafield tag="100" ind1="1" ind2="0">
    <subfield code="a">Cromer, Alan H.</subfield>
    <subfield code="4">aut</subfield>
    <subfield code="e">aut</subfield>
    <subfield code="9">240685</subfield>
  </datafield>
  <datafield tag="245" ind1="1" ind2="0">
    <subfield code="a">F&#xED;sica para las ciencias de la vida</subfield>
  </datafield>
  <datafield tag="250" ind1=" " ind2=" ">
    <subfield code="a">2. edici&#xF3;n</subfield>
  </datafield>
  <datafield tag="260" ind1=" " ind2=" ">
    <subfield code="a">Barcelona :</subfield>
    <subfield code="b">Revert&#xE9;,</subfield>
    <subfield code="c">1994.</subfield>
  </datafield>
  <datafield tag="300" ind1=" " ind2=" ">
    <subfield code="a">578 p&#xE1;ginas</subfield>
  </datafield>
  <datafield tag="505" ind1=" " ind2=" ">
    <subfield code="a">CONTENIDO : I. MEC&#xC1;NICA: Medida. -- Fuerza. -- Momento. -- Din&#xE1;mica. -- Energ&#xED;a. -- M&#xE1;quinas. --  II. PROPIEDADES DE LA MATERIA: Fluidos. -- Gases. -- L&#xED;quidos. -- S&#xF3;lidos. -- III. CALOR Y TERMODIN&#xC1;MICA: Calor. -- Termodin&#xE1;mica. -- IV. FEN&#xD3;MENOS ONDULATORIOS: Ondas. -- El sonido. -- La luz. -- &#xD3;ptica. -- V. ELECTRICIDAD Y MAGNETISMO: Electricidad. -- Corriente. -- Magnetismo. -- Instrumentaci&#xF3;n. -- VI. F&#xCD;SICA MODERNA: &#xC1;tomos. -- N&#xFA;cleos. -- Ap&#xE9;ndices. -- Cinem&#xE1;tica del punto. -- Conservaci&#xF3;n de la energ&#xED;a. -- El movimiento cin&#xE9;tico. -- Gravitaci&#xF3;n. -- Choques de part&#xED;culas. .</subfield>
  </datafield>
  <datafield tag="520" ind1="3" ind2=" ">
    <subfield code="a">RESUMEN : "Este libro tiene por finalidad proporcionar a los estudiantes de Biolog&#xED;a, Farmacia, Medicina, Terapia f&#xED;sica, Educaci&#xF3;n f&#xED;sica y dem&#xE1;s Ciencias afines, los conocimientos de F&#xED;sica que necesitan para su trabajo profesional. La selecci&#xF3;n del material se ha hecho pensando que fuese apropiado para las Ciencias de la vida y conveniente como curso de introducci&#xF3;n a la F&#xED;sica. Estos criterios han producido algunos cambios en el acostumbrado &#xE9;nfasis de los temas, pero no han limitado la amplia visi&#xF3;n de conjunto que se exige de un texto de F&#xED;sica general."</subfield>
  </datafield>
  <datafield tag="650" ind1=" " ind2="7">
    <subfield code="a">F&#xED;sica</subfield>
    <subfield code="2">lemb</subfield>
    <subfield code="9">28205</subfield>
  </datafield>
  <datafield tag="650" ind1=" " ind2="7">
    <subfield code="a">Ciencias de la vida</subfield>
    <subfield code="2">lemb</subfield>
    <subfield code="9">13079</subfield>
  </datafield>
  <datafield tag="942" ind1=" " ind2=" ">
    <subfield code="c">BOOK</subfield>
  </datafield>
  <datafield tag="999" ind1=" " ind2=" ">
    <subfield code="c">32788</subfield>
    <subfield code="d">32788</subfield>
  </datafield>
  <datafield tag="952" ind1=" " ind2=" ">
    <subfield code="0">0</subfield>
    <subfield code="1">0</subfield>
    <subfield code="4">0</subfield>
    <subfield code="7">0</subfield>
    <subfield code="8">GEN</subfield>
    <subfield code="a">BC</subfield>
    <subfield code="b">BC</subfield>
    <subfield code="d">1997-06-26</subfield>
    <subfield code="i">C111114</subfield>
    <subfield code="l">0</subfield>
    <subfield code="o">574.191 C945fi</subfield>
    <subfield code="p">61000000931127</subfield>
    <subfield code="r">2023-04-20 00:00:00</subfield>
    <subfield code="t">1</subfield>
    <subfield code="w">2023-04-20</subfield>
    <subfield code="y">BOOK</subfield>
  </datafield>
  <datafield tag="952" ind1=" " ind2=" ">
    <subfield code="0">0</subfield>
    <subfield code="1">0</subfield>
    <subfield code="4">0</subfield>
    <subfield code="7">0</subfield>
    <subfield code="8">GEN</subfield>
    <subfield code="a">BC</subfield>
    <subfield code="b">BC</subfield>
    <subfield code="d">1997-06-26</subfield>
    <subfield code="i">C111115</subfield>
    <subfield code="l">1</subfield>
    <subfield code="o">574.191 C945fi e2</subfield>
    <subfield code="p">61000000931770</subfield>
    <subfield code="r">2026-02-05 12:19:30</subfield>
    <subfield code="s">2025-12-02</subfield>
    <subfield code="t">2</subfield>
    <subfield code="w">2023-04-20</subfield>
    <subfield code="y">BOOK</subfield>
  </datafield>
  <datafield tag="952" ind1=" " ind2=" ">
    <subfield code="0">0</subfield>
    <subfield code="1">0</subfield>
    <subfield code="4">0</subfield>
    <subfield code="7">0</subfield>
    <subfield code="8">GEN</subfield>
    <subfield code="a">BC</subfield>
    <subfield code="b">BC</subfield>
    <subfield code="d">1997-06-26</subfield>
    <subfield code="i">C111116</subfield>
    <subfield code="l">1</subfield>
    <subfield code="o">574.191 C945fi e3</subfield>
    <subfield code="p">61000000931119</subfield>
    <subfield code="r">2025-12-15 10:31:16</subfield>
    <subfield code="s">2025-10-28</subfield>
    <subfield code="t">3</subfield>
    <subfield code="w">2023-04-20</subfield>
    <subfield code="y">BOOKR</subfield>
  </datafield>
  <datafield tag="952" ind1=" " ind2=" ">
    <subfield code="0">0</subfield>
    <subfield code="1">0</subfield>
    <subfield code="4">0</subfield>
    <subfield code="7">0</subfield>
    <subfield code="8">GEN</subfield>
    <subfield code="a">BC</subfield>
    <subfield code="b">BC</subfield>
    <subfield code="d">1997-06-26</subfield>
    <subfield code="i">C111117</subfield>
    <subfield code="l">0</subfield>
    <subfield code="o">574.191 C945fi e4</subfield>
    <subfield code="p">61000000931101</subfield>
    <subfield code="r">2023-04-20 00:00:00</subfield>
    <subfield code="t">4</subfield>
    <subfield code="w">2023-04-20</subfield>
    <subfield code="y">BOOK</subfield>
  </datafield>
  <datafield tag="952" ind1=" " ind2=" ">
    <subfield code="0">0</subfield>
    <subfield code="1">0</subfield>
    <subfield code="4">0</subfield>
    <subfield code="7">0</subfield>
    <subfield code="8">GENERAL</subfield>
    <subfield code="a">BR</subfield>
    <subfield code="b">BR</subfield>
    <subfield code="d">1997-06-26</subfield>
    <subfield code="i">C111118</subfield>
    <subfield code="l">0</subfield>
    <subfield code="o">QC21 C7f e2</subfield>
    <subfield code="p">61000000931705</subfield>
    <subfield code="r">2023-04-20 00:00:00</subfield>
    <subfield code="t">5</subfield>
    <subfield code="w">2023-04-20</subfield>
    <subfield code="y">BOOK</subfield>
  </datafield>
  <datafield tag="952" ind1=" " ind2=" ">
    <subfield code="0">0</subfield>
    <subfield code="1">0</subfield>
    <subfield code="4">0</subfield>
    <subfield code="7">0</subfield>
    <subfield code="8">GEN</subfield>
    <subfield code="a">BC</subfield>
    <subfield code="b">BC</subfield>
    <subfield code="d">2000-10-30</subfield>
    <subfield code="e">Material adquirido por donaci&#xF3;n</subfield>
    <subfield code="i">C661256</subfield>
    <subfield code="l">0</subfield>
    <subfield code="o">574.191 C945fi e8</subfield>
    <subfield code="p">61000005041887</subfield>
    <subfield code="r">2024-04-01 00:00:00</subfield>
    <subfield code="t">6</subfield>
    <subfield code="w">2023-04-20</subfield>
    <subfield code="y">BOOK</subfield>
  </datafield>
  <datafield tag="952" ind1=" " ind2=" ">
    <subfield code="0">0</subfield>
    <subfield code="1">0</subfield>
    <subfield code="4">0</subfield>
    <subfield code="7">0</subfield>
    <subfield code="8">GEN</subfield>
    <subfield code="a">BC</subfield>
    <subfield code="b">BC</subfield>
    <subfield code="d">2000-10-05</subfield>
    <subfield code="e">Material adquirido por donaci&#xF3;n</subfield>
    <subfield code="i">C657396</subfield>
    <subfield code="l">1</subfield>
    <subfield code="o">574.191 C945fi e6</subfield>
    <subfield code="p">61000003862451</subfield>
    <subfield code="r">2024-07-16 00:00:00</subfield>
    <subfield code="s">2024-02-20</subfield>
    <subfield code="t">7</subfield>
    <subfield code="w">2023-04-20</subfield>
    <subfield code="y">BOOK</subfield>
  </datafield>
  <datafield tag="952" ind1=" " ind2=" ">
    <subfield code="0">0</subfield>
    <subfield code="1">0</subfield>
    <subfield code="4">0</subfield>
    <subfield code="7">0</subfield>
    <subfield code="8">GEN</subfield>
    <subfield code="a">BC</subfield>
    <subfield code="b">BC</subfield>
    <subfield code="d">2000-10-30</subfield>
    <subfield code="e">Material adquirido por donaci&#xF3;n</subfield>
    <subfield code="i">C661255</subfield>
    <subfield code="l">0</subfield>
    <subfield code="o">574.191 C945fi e7</subfield>
    <subfield code="p">61000003553001</subfield>
    <subfield code="r">2023-04-20 00:00:00</subfield>
    <subfield code="t">8</subfield>
    <subfield code="w">2023-04-20</subfield>
    <subfield code="y">BOOK</subfield>
  </datafield>
  <datafield tag="952" ind1=" " ind2=" ">
    <subfield code="0">0</subfield>
    <subfield code="1">0</subfield>
    <subfield code="4">0</subfield>
    <subfield code="7">0</subfield>
    <subfield code="8">GEN</subfield>
    <subfield code="a">BC</subfield>
    <subfield code="b">BC</subfield>
    <subfield code="d">2000-10-30</subfield>
    <subfield code="e">Material adquirido por donaci&#xF3;n</subfield>
    <subfield code="i">C661257</subfield>
    <subfield code="l">1</subfield>
    <subfield code="o">574.191 C945fi e9</subfield>
    <subfield code="p">61000003870017</subfield>
    <subfield code="r">2023-11-10 00:00:00</subfield>
    <subfield code="s">2023-10-04</subfield>
    <subfield code="t">9</subfield>
    <subfield code="w">2023-04-20</subfield>
    <subfield code="y">BOOK</subfield>
  </datafield>
  <datafield tag="952" ind1=" " ind2=" ">
    <subfield code="0">0</subfield>
    <subfield code="1">0</subfield>
    <subfield code="4">0</subfield>
    <subfield code="7">0</subfield>
    <subfield code="8">GENERAL</subfield>
    <subfield code="a">SCDM</subfield>
    <subfield code="b">SCDM</subfield>
    <subfield code="d">1997-03-31</subfield>
    <subfield code="e">Otros proveedores</subfield>
    <subfield code="g">64000.00</subfield>
    <subfield code="i">C178237</subfield>
    <subfield code="l">0</subfield>
    <subfield code="o">574.191 C945fi e2</subfield>
    <subfield code="p">61000000878575</subfield>
    <subfield code="r">2024-04-18 00:00:00</subfield>
    <subfield code="t">11</subfield>
    <subfield code="w">2023-04-20</subfield>
    <subfield code="y">BOOK</subfield>
  </datafield>
  <datafield tag="952" ind1=" " ind2=" ">
    <subfield code="0">0</subfield>
    <subfield code="1">0</subfield>
    <subfield code="4">0</subfield>
    <subfield code="7">0</subfield>
    <subfield code="8">GENERAL</subfield>
    <subfield code="a">SCDM</subfield>
    <subfield code="b">SCDM</subfield>
    <subfield code="d">1997-03-31</subfield>
    <subfield code="e">Otros proveedores</subfield>
    <subfield code="g">64000.00</subfield>
    <subfield code="i">C178238</subfield>
    <subfield code="l">0</subfield>
    <subfield code="o">574.191 C945fi e1</subfield>
    <subfield code="p">6-10000003267924</subfield>
    <subfield code="r">2023-04-20 00:00:00</subfield>
    <subfield code="t">12</subfield>
    <subfield code="w">2023-04-20</subfield>
    <subfield code="y">BOOK</subfield>
  </datafield>
</record>
